Loading...
The economics of rationality
| Other Authors: | |
|---|---|
| Format: | Printed Book |
| Language: | English |
| Published: |
London
Routledge
1993
|
| Subjects: |
| LEADER | 00523nam a22001697a 4500 | ||
|---|---|---|---|
| 005 | 20160820112409.0 | ||
| 008 | 090827t xxu||||| |||| 00| 0 eng d | ||
| 082 | |a 330 |b GER | ||
| 100 | |a Gerrard,Bill |e Editor |9 1517 | ||
| 245 | |a The economics of rationality | ||
| 300 | |a xv,208p. | ||
| 653 | |a economics |a rationality | ||
| 942 | |c BK |6 _ | ||
| 260 | |a London |b Routledge |c 1993 | ||
| 020 | |a 0415068754 | ||
| 999 | |c 169413 |d 169413 | ||
| 952 | |0 0 |1 0 |2 ddc |4 0 |6 330_GER |7 0 |9 220172 |a DAE |b DAE |d 2009-08-27 |o 330 GER |p ECO06540 |r 2016-08-20 |w 2016-08-20 |y BK | ||